ՀՀ Գիտությունների ազգային ակադեմիայի հիմնարար գիտական գրադարան  =   Fundamental Scientific Library of NAS RA

Античные гимны : (Record no. 170830)

MARC details
000 -LEADER
fixed length control field 00872nam a2200229 u 4500
001 - CONTROL NUMBER
control field 000468141
003 - CONTROL NUMBER IDENTIFIER
control field AM-YeHGA
005 - DATE AND TIME OF LATEST TRANSACTION
control field 20250617133755.0
008 - FIXED-LENGTH DATA ELEMENTS--GENERAL INFORMATION
fixed length control field 051209s1988 ||| r ||| 0 rus d
020 ## - INTERNATIONAL STANDARD BOOK NUMBER
International Standard Book Number 5211001826
040 ## - CATALOGING SOURCE
Original cataloging agency AM-YeHGA
041 0# - LANGUAGE CODE
Language code of text/sound track or separate title rus
090 ## - LOCALLY ASSIGNED LC-TYPE CALL NUMBER (OCLC); LOCAL CALL NUMBER (RLIN)
-- 172268
245 00 - TITLE STATEMENT
Title Античные гимны :
Remainder of title [Сборник] /
Statement of responsibility, etc. Сост. и общ. ред. А.А. Тахо-Годи.
260 ## - PUBLICATION, DISTRIBUTION, ETC.
Place of publication, distribution, etc. Москва :
Name of publisher, distributor, etc. Изд-во МГУ,
Date of publication, distribution, etc. 1988.
300 ## - PHYSICAL DESCRIPTION
Extent 361 с. :
Other physical details ил.
490 1# - SERIES STATEMENT
Series statement Универсальная библиотека / Редкол.: В.Л. Янин и др.
504 ## - BIBLIOGRAPHY, ETC. NOTE
Bibliography, etc. note Библиогр. в примеч.: с. 303-353
653 0# - INDEX TERM--UNCONTROLLED
Uncontrolled term Гимны античные (х. л.)
700 1# - ADDED ENTRY--PERSONAL NAME
Personal name Тахо-Годи, Аза Алибековна
Relator term сост.
-- ред.
Relationship com
-- edt
830 #0 - SERIES ADDED ENTRY--UNIFORM TITLE
Uniform title Универсальная библиотека
Holdings
Withdrawn status Lost status Damaged status Not for loan Collection Home library Current library Date acquired Total checkouts Full call number Barcode Date last seen Price effective from Koha item type Public note
        General Fundamental Scientific Library Fundamental Scientific Library 28/12/2016   875-1 120612093 28/12/2016 28/12/2016 Գրքեր / Books 30 Days Loan
        General Fundamental Scientific Library Fundamental Scientific Library 28/12/2016   Р2/594804 FL0020912 28/12/2016 28/12/2016 Գրքեր / Books 30 Days Loan


ՀՀ ԳԱԱ հիմնարար գիտական գրադարան
ՀՀ,Երևան 0019
Մարշալ Բաղրամյան 24/6
հեռախոս:(374-10) 52-47-50
Հետադարձ կապ

All site content, except where otherwise noted, is licensed under a
Creative Commons License